000 01042cam a22003257a 4500
003 CHAP
005 20220329135257.0
008 971013s1962 r 00010 d
010 _a33689
011 _a34661
035 _a38777
040 _cCHAP
090 _aTesis
100 0 0 _aCurtis Patiño, Jorge Francisco.
_930722
245 1 3 _aEl diagnóstico foliar aplicado a la caña de azúcar en México
260 _aChapingo, Méx. :
_bEl autor,
_c1962
300 _a38 h.
_b: ilus.
502 _aTesis (Ing. Agr. Esp. en Fitotecnia) -- ENA
590 _aALEPH
_b10
_c20130110
_lUCH01
_h1258
590 _aBATCH-UPD
_b10
_c20130110
_lUCH01
_h1612
590 _aBATCH-UPD
_b10
_c20130410
_lUCH01
_h1008
590 _aBATCH-UPD
_b10
_c20130914
_lUCH01
_h0835
590 _aCONVERSION
_b10
_c20130109
_lUCH01
_h1319
650 1 4 _aCaña de azúcar
_xEnfermedades.
_918598
650 1 4 _aDiagnóstico foliar.
_932394
901 _aBK
942 _cFOLL
949 _bBC
_cTES
_d-88615
_eTS1
_i38777
_si
949 _bBC
_cTES
_d-88616
_eTS2
_fc.2
_i38777
_si
999 _c33689
_d33689